National Confrence on Recent Advances in Computation, Communication, Internet of Things and Artificial Intellegence(NCRACIA-2K22)/ (Record no. 203734)
[ view plain ]
| 000 -LEADER | |
|---|---|
| fixed length control field | 00838nam a2200193 4500 |
| 005 - DATE AND TIME OF LATEST TRANSACTION | |
| control field | 20240701124719.0 |
| 010 ## - LCCN (DPL NO) | |
| LC control number | ENG-140704 |
| 020 ## - INTERNATIONAL STANDARD BOOK NUMBER | |
| International Standard Book Number | 9789394899117 |
| Terms of availability | 400.00 |
| 035 ## - SYSTEM CONTROL NUMBER | |
| System control number | EN-124236 |
| 037 ## - SOURCE OF ACQUISITION | |
| Source of stock number/acquisition | DBAD |
| 082 ## - DEWEY DECIMAL CLASSIFICATION NUMBER | |
| Classification number | 005 |
| Edition number | 1 |
| 245 ## - TITLE STATEMENT | |
| Title | National Confrence on Recent Advances in Computation, Communication, Internet of Things and Artificial Intellegence(NCRACIA-2K22)/ |
| Statement of responsibility, etc | Edited By Department of Electronice and Communication Engineering M. Kumarasamy College of Engineering |
| 250 ## - EDITION STATEMENT | |
| Edition statement | 1 |
| 260 ## - PUBLICATION, DISTRIBUTION, ETC. (IMPRINT) | |
| Place of publication, distribution, etc | Madurai |
| Name of publisher, distributor, etc | Shanlax Publications |
| Date of publication, distribution, etc | 2022 |
| 270 ## - ADDRESS | |
| Address | 61,66 Vasantha Nagar |
| City | Madurai |
| Postal code | 625003 |
| Electronic mail address | shanlaxpublications@gmail.com |
| 300 ## - PHYSICAL DESCRIPTION | |
| Extent | 112p. |
| Dimensions | 29cm(Pbk) |
| 700 ## - ADDED ENTRY--PERSONAL NAME | |
| Personal name | Department of Electronice and Communication Engineering M. Kumarasamy College of Engineering |
| 9 (RLIN) | 67756 |
| 942 ## - ADDED ENTRY ELEMENTS (KOHA) | |
| Source of classification or shelving scheme | Dewey Decimal Classification |
| Item type | English Books |
| Classification part | 005 |
| Call number suffix | NAT |
| Withdrawn status | Lost status | Not for loan | Collection code | Home library | Current library | Date acquired | Source of acquisition | Cost, normal purchase price | Full call number | Barcode | Copy number | Cost, replacement price | Koha item type |
|---|---|---|---|---|---|---|---|---|---|---|---|---|---|
| Non-fiction | Central Jail Tihar | Central Jail Tihar | 26/06/2024 | DBAD | 400.00 | 005 NAT | EN-124236 | 1 | 400.00 | English Books |
